Störungen der Sprache 33. Capitel : Dyslogische Sprachstörungen oder Dysphrasien. Aphrasia voluntaria, paranoica, superstitiosa und verschiedene andere Formen der Dysphrasie, Gaxen, Brudeln oder Poltern, stockende und verwirrte Rede, Hemmungs-Dysphrasien, Verbale und thematische Paraphrasie, Einfluss der Wörter, Wortphantasmen und Wahnideen auf die Rede, Sprachstörungen der Idioten, insbesondere der Mikrocephalen, Einfluss des angeborenen Balkenmangels auf die Intelligenz /

Elmentve itt :
Bibliográfiai részletek
Szerző: Kussmaul Adolf
Dokumentumtípus: Cikk
Megjelent: 1877
Sorozat:Kolligátum
Kulcsszavak:Patológia - tankönyv
Online Access:http://misc.bibl.u-szeged.hu/24180
LEADER 00987nab a2200169 i 4500
001 misc24180
005 20191111110718.0
008 170912s1877 hu o 0|| zxx d
040 |a SZTE Miscellanea Repozitórium  |b hun 
041 |a zxx 
100 1 |a Kussmaul Adolf 
245 1 0 |a Störungen der Sprache   |h [elektronikus dokumentum] :  |b 33. Capitel : Dyslogische Sprachstörungen oder Dysphrasien. Aphrasia voluntaria, paranoica, superstitiosa und verschiedene andere Formen der Dysphrasie, Gaxen, Brudeln oder Poltern, stockende und verwirrte Rede, Hemmungs-Dysphrasien, Verbale und thematische Paraphrasie, Einfluss der Wörter, Wortphantasmen und Wahnideen auf die Rede, Sprachstörungen der Idioten, insbesondere der Mikrocephalen, Einfluss des angeborenen Balkenmangels auf die Intelligenz /  |c  Kussmaul Adolf 
260 |c 1877 
300 |a 211-223 
490 0 |a Kolligátum 
695 |a Patológia - tankönyv 
856 4 0 |u http://misc.bibl.u-szeged.hu/24180/1/010_024_211-223.pdf  |z Dokumentum-elérés